000 01009cam a22002893a 4500
001 15911
003 PGUSA
005 20140828083336.0
008 050527s2005||||xxu|||||s|||||000 | eng d
040 _aPGUSA
_beng
042 _adc
050 4 _aF850.5
100 1 _aFranchère, Gabriel,
_d1786-1863
245 1 0 _aNarrative of a Voyage to the Northwest Coast of America in the years 1811, 1812, 1813, and 1814 or the First American Settlement on the Pacific
_h[electronic resource] /
_cGabriel Franchère
260 _bProject Gutenberg,
_c2005
506 _aPublic domain in the USA.
516 _aElectronic text
653 _aAstoria (Or.)
653 _aNorthwest, Canadian -- Description and travel
653 _aOregon Territory -- History
653 _aFur trade -- Oregon
653 _aVoyages to the Pacific coast
700 1 _aHuntington, J. V.
_q(Jedediah Vincent),
_d1815-1862
830 0 _aProject Gutenberg
_v15911
856 4 0 _uhttp://www.gutenberg.org/ebooks/15911
942 _cEB
999 _c245166
_d245166